000 00408pab a2200157 454500
008 180718b2004 xxu||||| |||| 00| 0 eng d
100 _aPadhan, Puran Chandra
245 _aExport and economic growth: an empirical analysis for India
260 _c2004
300 _ap.179-90.
362 _aMar-Jun
650 _aExports/Imports
650 _aEconomic growth
773 _aArtha Vijnana
909 _a66593
999 _c66593
_d66593